Globalisation Across the World (Record no. 54519)

MARC details
000 -LEADER
fixed length control field 00414nam a2200145Ia 4500
008 - FIXED-LENGTH DATA ELEMENTS--GENERAL INFORMATION
fixed length control field 211109s9999||||xx |||||||||||||| ||und||
082 ## - DEWEY DECIMAL CLASSIFICATION NUMBER
Classification number 303.482
Item number SOR.G
100 ## - MAIN ENTRY--PERSONAL NAME
Personal name Sorman, Guy
245 #0 - TITLE STATEMENT
Title Globalisation Across the World
260 ## - PUBLICATION, DISTRIBUTION, ETC.
Name of publisher, distributor, etc. Vikas Publishing House
Place of publication, distribution, etc. New Delhi
Date of publication, distribution, etc. 1998
300 ## - PHYSICAL DESCRIPTION
Extent 363p.
630 ## - SUBJECT ADDED ENTRY--UNIFORM TITLE
General subdivision General stack
650 ## - SUBJECT ADDED ENTRY--TOPICAL TERM
Topical term or geographic name entry element Historical sociology
942 ## - ADDED ENTRY ELEMENTS (KOHA)
Koha item type BOOK
650 ## - SUBJECT ADDED ENTRY--TOPICAL TERM
Form subdivision International relationsEconomics
Holdings
Withdrawn status Lost status Damaged status Not for loan Home library Current library Date acquired Cost, normal purchase price Total Checkouts Full call number Barcode Shelving location Date last seen Price effective from Koha item type
        SB LIBRARY SB LIBRARY 09/11/2021 55.00   303.482 SOR.G 00096968 GENERAL STACK 09/11/2021 09/11/2021 BOOK

Powered by Koha